|
|
|
|
| LEADER |
00000nam a22000007a 4500 |
| 008 |
180924b2018 cr ||||| |||| 00| | spa d |
| 999 |
|
|
|c 3557
|d 3557
|
| 090 |
|
|
|a 06.03.06
|b 2496
|
| 100 |
|
|
|9 2089
|a Chinchilla Jiménez, Roxana
|
| 245 |
1 |
0 |
|a Aportes de la familia y el personal docente en la promoción de los factores de permanencia en el estudiantado de secundaria /
|c Roxana Chinchilla Jiménez, Flor Isabel Jiménez Segura
|
| 260 |
|
|
|a [San José, Costa Rica] :
|b INIE,
|c 2018
|
| 300 |
|
|
|a 39 páginas
|
| 500 |
|
|
|a Informe parcial proyecto de Investigación N°724-B7-308
|
| 500 |
|
|
|a A la cabeza de la portada: Escuela de Orientaciín y Educación Especial. Instituto de Investigación en Educación.
|
| 650 |
1 |
4 |
|9 456
|a EDUCACIÓN SECUNDARIA
|
| 650 |
1 |
4 |
|9 1377
|a FACTORES DE PERMANENCIA
|
| 650 |
1 |
4 |
|9 1345
|a SISTEMA EDUCATIVO COSTARRICENSE
|
| 650 |
1 |
4 |
|9 1483
|a ORIENTACIÓN PEDAGÓGICA
|
| 650 |
1 |
4 |
|9 4265
|a MEDIO FAMILIAR
|
| 700 |
1 |
|
|9 160
|a Jiménez Segura, Flor
|
| 942 |
|
|
|i 004525
|h 06.03.06 2496
|2 z
|c 04
|